| 000 | 00452 a2200157 4500 | ||
|---|---|---|---|
| 003 | Nust | ||
| 005 | 20170207171856.0 | ||
| 040 | _cNust | ||
| 082 | _a005.1 | ||
| 100 | _aAbbas, Syed Faisal BESE-18 | ||
| 245 |
_aOnline Medical Advice Service (Hard / Soft-copy) _cSyed Faisal Abbas, Muhammad Khaliq Ur Rehman, Muhammad Raziullah Tiwana |
||
| 260 |
_aMCS, NUST _bRawalpindi _cMay 2016 |
||
| 300 | _aviii, 50 p | ||
| 650 | _aUG Projects | ||
| 651 | _aUG CSE Project | ||
| 942 | _cPRG | ||
| 999 |
_c219396 _d219396 |
||